[Event "XX Open Internacional de Gros"]
[Site "Donostia - San Sebastián"]
[Date "2010.09.28"]
[Round "5"]
[Board "1"]
[White "Bello Castano, Diego"]
[Black "Espin Laborde, Jesus Maria"]
[Result "1-0"]
[WhiteElo "1893"]
[BlackElo "1777"]
[PlyCount "0"]
[EventDate "2010.09.24"]
[EventRounds "9"]
[EventCountry "ESP"]

1.Nf3 {[%clk 1:30]} Nf6 {[%clk 1:28]} 2.b3 {[%clk 1:30]} e6 {[%clk  1:25]} 3.Bb2
{[%clk 1:31]} Be7 {[%clk 1:25]} 4.e3 {[%clk 1:28]} d5 {[%clk 1:25]} 5.Ne5 {[%clk
1:28]} O-O {[%clk 1:24]} 6.Bd3 {[%clk 1:26]} Nfd7 {[%clk 1:18]} 7.f4 {[%clk
1:14]} f5 {[%clk 1:11]} 8.Qf3 {[%clk  1:11]} Nf6 {[%clk 1:09]} 9.Nc3 {[%clk
1:11]} Nbd7 {[%clk 1:09]} 10.O-O-O {[%clk 1:09]} Nxe5 {[%clk 0:47]} 11.fxe5
{[%clk 1:09]} Ne4 {[%clk 0:47]} 12.Bxe4 {[%clk 1:05]} fxe4 {[%clk 0:47]} 13.Qe2
{[%clk  1:03]} c6 {[%clk 0:39]} 14.Rhf1 {[%clk 1:02]} Bd7 {[%clk 0:32]} 15.Qg4
{[%clk 0:58]} Qc7 {[%clk 0:31]} 16.h4 {[%clk 0:49]} Rxf1 {[%clk 0:28]} 17.Rxf1
{[%clk 0:49]} Rf8 {[%clk 0:27]} 18.Rxf8+ {[%clk 0:46]} Bxf8 {[%clk 0:20]} 19.Ne2
{[%clk 0:46]} Qd8 {[%clk 0:16.38]} 20.Nf4 {[%clk  0:46]} Qe7 {[%clk 0:16.00]}
21.Nh3 {[%clk 0:35]} Qf7 {[%clk 0:14.01]} 22.Qf4 {[%clk 0:32]} Qxf4 {[%clk
0:08.24]} 23.Nxf4 {[%clk 0:32]} Be7 {[%clk 0:08.18]} 24.g3 {[%clk 0:32]} g6
{[%clk 0:07.51]} 25.a4 {[%clk  0:31]} Kf7 {[%clk 0:06.26]} 26.a5 {[%clk 0:28]}
Bb4 {[%clk 0:05.59]} 27.Bc3 {[%clk 0:27]} Bxc3 {[%clk 0:03.25]} 28.dxc3 {[%clk
0:27]} b6 {[%clk 0:01.59]} 29.axb6 {[%clk 0:28]} axb6 {[%clk 0:02.14]} 30.Nh3
{[%clk 0:28]} h6 {[%clk 0:02.08]} 31.g4 {[%clk 0:28]} c5 {[%clk 0:02.05]} 32.g5
{[%clk 0:28]} h5 {[%clk 0:02.09]} 33.Nf4 {[%clk 0:28]} b5 {[%clk 0:02.04]}
34.Kd2 {[%clk 0:28]} Bc6 {[%clk 0:01.43]} 35.Ne2 {[%clk 0:26]} Ke7 {[%clk
0:01.26]} 36.Ng3 {[%clk 0:25]} Kf7 {[%clk  0:01.40]} 37.Nh1 {[%clk 0:25]} Ke7
{[%clk 0:01.32]} 38.Nf2 {[%clk  0:26]} Kf7 {[%clk 0:02.18]} 39.Nd1 {[%clk 0:26]}
Ke7 {[%clk 0:01.56]} 40.Nb2 {[%clk 0:27]} Kd7 {[%clk 0:01.28]} 41.c4 {[%clk
0:26]} bxc4 {[%clk 0:00.56]} 42.bxc4 {[%clk 0:27]} dxc4 {[%clk 0:00.56]} 43.Nxc4
{[%clk 0:26]} Bd5 {[%clk 0:01.14]} 44.Nb2 {[%clk 0:25]} Kc6 {[%clk  0:01.22]}
45.Kc3 {[%clk 0:25]} Kb5 {[%clk 0:01.27]} 46.Nd1 {[%clk  0:25]} Bc6 {[%clk
0:01.36]} 47.Nf2 {[%clk 0:25]} Kb6 {[%clk 0:01.11]} 48.Kc4 {[%clk 0:24]} Bb5+
{[%clk 0:01.13]} 49.Kc3 {[%clk 0:25]} Bc6 {[%clk 0:01.38]} 50.Nh3 {[%clk 0:23]}
Be8 {[%clk 0:01.50]} 51.Nf4 {[%clk 0:23]} Bf7 {[%clk 0:02.06]} 52.Kc4 {[%clk
0:23]} Kc6 {[%clk  0:02.21]} 53.Ne2 {[%clk 0:24]} Kb6 {[%clk 0:02.22]} 54.Nc3
{[%clk  0:24]} Be8 {[%clk 0:01.35]} 55.Nxe4 {[%clk 0:24]} Bb5+ {[%clk 0:01.28]}
56.Kc3 {[%clk 0:25]} Be2 {[%clk 0:01.10]} 57.Nf2 {[%clk 0:24]} Kc6 {[%clk
0:01.19]} 58.e4 {[%clk 0:23]} Bf3 {[%clk 0:01.14]} 59.Kd3 {[%clk  0:24]} Bg2
{[%clk 0:01.10]} 60.Kc4 {[%clk 0:23]} Bf1+ {[%clk 0:01.28]} 61.Kc3 {[%clk 0:21]}
Bg2 {[%clk 0:01.39]} 62.Kd3 {[%clk 0:19.53]} Bf1+ {[%clk 0:01.55]} 63.Ke3 {[%clk
0:20]} Kd7 {[%clk 0:01.39]} 64.Nh1 {[%clk 0:18.58]} Ke7 {[%clk 0:01.44]} 65.Ng3
{[%clk 0:19.10]} Bb5 {[%clk  0:01.56]} 66.Kf4 {[%clk 0:19.15]} Kf7 {[%clk
0:01.54]} 67.Nh1 {[%clk  0:18.51]} Ba4 {[%clk 0:02.06]} 68.c3 {[%clk 0:19.07]}
Bc6 {[%clk  0:02.06]} 69.Nf2 {[%clk 0:19.16]} Bb5 {[%clk 0:02.13]} 70.Ke3 {[%clk
 0:19.39]} Ke7 {[%clk 0:02.24]} 71.Nd1 {[%clk 0:19.21]} Kd7 {[%clk  0:02.29]}
72.Nb2 {[%clk 0:19.21]} Kc6 {[%clk 0:02.12]} 73.c4 {[%clk  0:19.30]} Ba6 {[%clk
0:02.31]} 74.Kd2 {[%clk 0:19.53]} Bc8 {[%clk  0:02.34]} 75.Nd3 {[%clk 0:20]} Bd7
{[%clk 0:02.48]} 76.Nf4 {[%clk  0:20]} Be8 {[%clk 0:02.54]} 77.Nxe6 {[%clk
0:20]} Kb6 {[%clk 0:02.29]} 78.Nf4 {[%clk 0:20]} Kc6 {[%clk 0:02.26]} 79.Kd3
{[%clk 0:20]} Kd7 {[%clk 0:02.09]} 80.Kc3 {[%clk 0:20]} Bf7 {[%clk 0:02.16]}
81.Kb3 {[%clk 0:20]} Be8 {[%clk 0:02.21]} 82.Ka4 {[%clk 0:20]} Kc7+ {[%clk 
0:02.08]} 83.Ka5 {[%clk 0:20]} Kb7 {[%clk 0:02.08]} 84.e6 {[%clk  0:19.50]} Kc7
{[%clk 0:02.14]} 85.e5 {[%clk 0:19.59]} Kb7 {[%clk  0:02.21]} 86.Nd5 {[%clk
0:20]} Kc8 {[%clk 0:

[Event "XX Open Internacional de Gros"]
[Site "Donostia - San Sebastián"]
[Date "2010.09.29"]
[Round "6"]
[Board "1"]
[White "Riesco Lecuona, Juan Manuel"]
[Black "Ladron De Guevara Galar, Fco J"]
[Result "0-1"]
[WhiteElo "1931"]
[BlackElo "2087"]
[PlyCount "0"]
[EventDate "2010.09.24"]
[EventRounds "9"]
[EventCountry "ESP"]

1.e4 {[%clk 1:28]} e5 {[%clk 1:27]} 2.Nf3 {[%clk 1:29]} Nc6 {[%clk  1:28]} 3.Bb5
{[%clk 1:29]} a6 {[%clk 1:28]} 4.Ba4 {[%clk 1:29]} Nf6 {[%clk 1:28]} 5.O-O
{[%clk 1:30]} Be7 {[%clk 1:29]} 6.Re1 {[%clk 1:30]} b5 {[%clk 1:29]} 7.Bb3
{[%clk 1:30]} d6 {[%clk 1:30]} 8.c3 {[%clk  1:31]} O-O {[%clk 1:30]} 9.h3 {[%clk
1:31]} Na5 {[%clk 1:30]} 10.Bc2 {[%clk 1:31]} c5 {[%clk 1:31]} 11.d4 {[%clk
1:32]} Qc7 {[%clk 1:31]} 12.Nbd2 {[%clk 1:32]} Nc6 {[%clk 1:31]} 13.d5 {[%clk
1:30]} Nd8 {[%clk 1:31]} 14.a4 {[%clk 1:30]} Rb8 {[%clk 1:31]} 15.axb5 {[%clk 
1:30]} axb5 {[%clk 1:31]} 16.Nf1 {[%clk 1:30]} Ne8 {[%clk 1:31]} 17.g4 {[%clk
1:19]} f6 {[%clk 1:29]} 18.Ng3 {[%clk 1:17]} g6 {[%clk 1:29]} 19.Kh2 {[%clk
1:16]} Nf7 {[%clk 1:28]} 20.Be3 {[%clk 1:14]} Ng7 {[%clk 1:25]} 21.Qd2 {[%clk
1:12]} Bd7 {[%clk 1:20]} 22.Rg1 {[%clk  0:59]} Kh8 {[%clk 1:18]} 23.b4 {[%clk
0:53]} Ra8 {[%clk 1:05]} 24.Bd3 {[%clk 0:51]} Qb7 {[%clk 1:01]} 25.Qe2 {[%clk
0:50]} c4 {[%clk 1:00]} 26.Bc2 {[%clk 0:50]} Bd8 {[%clk 0:59]} 27.Qd2 {[%clk
0:41]} Bb6 {[%clk 0:58]} 28.Nh4 {[%clk 0:36]} Ra7 {[%clk 0:53]} 29.Rxa7 {[%clk 
0:31]} Qxa7 {[%clk 0:53]} 30.Bxb6 {[%clk 0:31]} Qxb6 {[%clk 0:54]} 31.Ra1 {[%clk
0:31]} Qb7 {[%clk 0:43]} 32.f4 {[%clk 0:27]} Ra8 {[%clk  0:29]} 33.Rf1 {[%clk
0:26]} Be8 {[%clk 0:25]} 34.fxe5 {[%clk 0:24]} fxe5 {[%clk 0:25]} 35.Nf3 {[%clk
0:23]} Qe7 {[%clk 0:24]} 36.Bb1 {[%clk 0:19.56]} Kg8 {[%clk 0:24]} 37.Qf2 {[%clk
0:16.39]} Qa7 {[%clk  0:23]} 38.Qd2 {[%clk 0:16.41]} Qe7 {[%clk 0:22]} 39.Qf2
{[%clk  0:16.50]} Ra3 {[%clk 0:22]} 40.Ne2 {[%clk 0:14.41]} h5 {[%clk 0:20]}
41.Nh4 {[%clk 0:14.15]} Ng5 {[%clk 0:16.09]} 42.Qf6 {[%clk 0:14.25]} Qxf6 {[%clk
0:12.31]} 43.Rxf6 {[%clk 0:14.54]} Rb3 {[%clk 0:12.23]} 44.Rf1 {[%clk 0:13.09]}
Rb2 {[%clk 0:11.55]} 45.Re1 {[%clk 0:13.35]} Kh7 {[%clk 0:11.51]} 46.Kg3 {[%clk
0:13.41]} Bd7 {[%clk 0:11.57]} 47.Nf3 {[%clk 0:12.47]} Nf7 {[%clk 0:10.19]}
48.Kh4 {[%clk 0:09.48]} hxg4 {[%clk 0:10.00]} 49.hxg4 {[%clk 0:10.12]} Nh6
{[%clk 0:09.40]} 50.Nh2 {[%clk 0:09.49]} Bc8 {[%clk 0:08.54]} 51.Kg5 {[%clk
0:09.48]} Ne8 {[%clk  0:08.53]} 52.Kh4 {[%clk 0:10.11]} Nc7 {[%clk 0:08.36]}
53.Kg3 {[%clk  0:10.18]} Na8 {[%clk 0:08.28]} 54.g5 {[%clk 0:09.03]} Nf7 {[%clk 
0:08.17]} 55.Ng4 {[%clk 0:07.23]} Nb6 {[%clk 0:07.11]} 56.Kh4 {[%clk  0:03.17]}
Kg7 {[%clk 0:06.03]} 57.Ne3 {[%clk 0:03.33]} Nd7 {[%clk  0:05.46]} 58.Bc2 {[%clk
0:03.06]} Ra2 {[%clk 0:05.47]} 59.Bb1 {[%clk  0:02.24]} Ra3 {[%clk 0:05.20]}
60.Nc2 {[%clk 0:02.49]} Ra8 {[%clk  0:05.32]} 61.Ne3 {[%clk 0:02.58]} Nf8 {[%clk
0:05.49]} 62.Ng1 {[%clk  0:02.27]} Nh7 {[%clk 0:05.54]} 63.Nf3 {[%clk 0:02.54]}
Bd7 {[%clk  0:05.59]} 64.Nf5+ {[%clk 0:02.11]} gxf5 {[%clk 0:05.12]} 65.exf5
{[%clk 0:02.40]} Nf8 {[%clk 0:04.33]} 66.g6 {[%clk 0:02.54]} Nh6 {[%clk 
0:04.08]} 67.Kg5 {[%clk 0:03.11]} Bxf5 {[%clk 0:03.48]} 68.Bxf5 {[%clk 
0:03.27]} Nxf5 {[%clk 0:04.06]} 69.Kxf5 {[%clk 0:03.56]} Nxg6 {[%clk  0:04.16]}
70.Ng5 {[%clk 0:03.00]} Rf8+ {[%clk 0:03.44]} 71.Ke6 {[%clk  0:03.20]} Rf6+
{[%clk 0:03.58]} 72.Kd7 {[%clk 0:03.37]} Nf4 {[%clk  0:01.50]} 73.Ne6+ {[%clk
0:03.57]} Kf7 {[%clk 0:01.23]} 74.Kxd6 {[%clk  0:01.12]} Nd3 {[%clk 0:01.13]}
75.Rg1 {[%clk 0:01.21]} Rf2 {[%clk  0:01.13]} 76.Rg7+ {[%clk 0:01.25]} Kf6
{[%clk 0:01.42]} 77.Rg8 {[%clk  0:01.39]} Rc2 {[%clk 0:01.47]} 78.Rf8+ {[%clk
0:01.31]} Kg6 {[%clk  0:02.12]} 79.Ke7 {[%clk 0:01.57]} Rxc3 {[%clk 0:02.03]}
80.Rf6+ {[%clk  0:02.14]} Kh5 {[%clk 0:02.31]} 81.d6 {[%clk 0:02.24]} Nxb4
{[%clk  0:02.46]} 82.Ng7+ {[%clk 0:02.40]} Kg5 {[%clk 0:02.52]} 83.d7 {[%clk 
0:03.02]} Rd3 {[%clk 0:01.51]} 84.Rd6 {[%clk 0:00.39]} Nd5+ {[%clk  0:02.16]}
85.Kf8 {[%clk 0